000 00508nam a2200157Ia 4500
008 210716s1994 xx 000 0 und d
020 _a088415193X
041 _aeng
082 _a658.049 MORR
100 _aMoran, Robert T;Braaten, David O;Walsh, John E.
245 _aInternational business case studies: for the multicultural marketplace.
_bFor the multicultural marketplace.
250 _a1
260 _aTokyo
_bGulf Publishing Company
_c1994
300 _axiv,416
650 _aInternational Business
999 _c202675
_d202675